Estatísticas para Conteúdos de Matemática

Clique aqui para jogar o quiz

Estatísticas Gerais

  • Esse quiz foi jogado 13 vezes
  • A pontuação média é 2 de 23

Estatísticas das Respostas

Resposta% Correto
.Potenciação
55%
.Expressões
27%
.Frações
27%
.Ângulos
18%
.Polígonos
18%
.Reta
18%
.Triângulos
18%
.Área
9%
.Números primos
9%
.Perímetro
9%
.Plano cartesiano
9%
.Ponto
9%
.Probabilidade
9%
.Semirreta
9%
.Corpos redondos
0%
.Múltiplos e divisores
0%
.Números compostos
0%
.Números romanos
0%
.Paralelogramos
0%
.Poliedros
0%
.Porcentagens
0%
.Segmento
0%
.Trapézios
0%

Distribuição das Pontuações

Percentil de Números Respondidos

Porcentagem de Pessoas com Cada Pontuação

Sua Pontuação Histórica

Você não jogou esse quiz